[Event "Bad Woerishofen"]
[Site "?"]
[Date "2002.??.??"]
[Round "9"]
[White "Pitl, Gregory"]
[Black "Schmidt, Andreas"]
[Result "1-0"]
[WhiteElo "2238"]
[BlackElo "1933"]
[Annotator "ChessOrg"]
[PlyCount "93"]
[EventDate "2002.??.??"]

1. e4 e5 2. Bc4 Nf6 3. d3 c6 4. Nf3 d5 5. Bb3 a5 6. c3 Bd6 7. O-O O-O 8. Bg5
Be6 9. Re1 Nbd7 10. d4 a4 11. exd5 Bg4 12. Bxa4 exd4 13. dxc6 Bxf3 14. Qxf3 Ne5
15. Qd1 Rxa4 16. Qxa4 Nd3 17. Re4 Nc5 18. Bxf6 Qxf6 19. Qxd4 Nxe4 20. Qxf6 gxf6
21. f3 Nc5 22. cxb7 Be5 23. Nd2 Rb8 24. Nc4 Rxb7 25. g3 Na4 26. f4 Nxb2 27.
fxe5 Nxc4 28. exf6 h6 29. Re1 Ra7 30. Re4 Nd2 31. Rg4+ Kh8 32. a4 Nb1 33. Re4
Ra6 34. Re7 Rxf6 35. c4 Kg7 36. a5 Ra6 37. Re5 Na3 38. Rc5 Nc2 39. Kf2 Nd4 40.
Ke3 Nb3 41. Rb5 Nxa5 42. c5 Re6+ 43. Kd3 Kf6 44. Rxa5 Ke5 45. Kc4 Rc6 46. Ra2
Ke6 47. Rd2 1-0

[Event "Bad Woerishofen"]
[Site "?"]
[Date "2002.??.??"]
[Round "9"]
[White "Gerhards, Walter"]
[Black "Graf, Christian"]
[Result "1/2-1/2"]
[WhiteElo "2100"]
[BlackElo "2245"]
[Annotator "ChessOrg"]
[PlyCount "121"]
[EventDate "2002.??.??"]

1. e4 c6 2. d4 d5 3. Nc3 dxe4 4. Nxe4 Bf5 5. Ng3 Bg6 6. Nf3 Nd7 7. h4 h6 8. h5
Bh7 9. Bd3 Bxd3 10. Qxd3 e6 11. Be3 Ngf6 12. O-O-O Qa5 13. Kb1 Bd6 14. Bd2 Qc7
15. Ne4 Nxe4 16. Qxe4 Nf6 17. Qe2 O-O-O 18. Rh3 Kb8 19. c4 c5 20. Bc3 cxd4 21.
Nxd4 a6 22. Nb3 Ka7 23. Bd4+ Ka8 24. c5 Be7 25. Rc1 Qc6 26. f3 Rd5 27. Qc4 Qb5
28. Qxb5 axb5 29. c6 Rc8 30. cxb7+ Kxb7 31. Na5+ Kb8 32. Ba7+ Kxa7 33. Rxc8 Kb6
34. Nb3 Nxh5 35. Rh1 Nf6 36. Rhc1 Bd6 37. R8c6+ Ka7 38. a3 Nd7 39. Ka2 Ne5 40.
R6c2 Nc4 41. Re1 Kb6 42. Ree2 Bf4 43. Re4 Be5 44. a4 bxa4 45. Rexc4 axb3+ 46.
Kxb3 Rd3+ 47. Ka4 Rd4 48. Rxd4 Bxd4 49. b4 Kb7 50. Kb5 e5 51. Rc4 h5 52. f4 g6
53. fxe5 Bxe5 54. Kc5 g5 55. Kd5 f6 56. Rc6 h4 57. b5 g4 58. Ke4 h3 59. gxh3
gxh3 60. Kf3 Ka7 61. Ra6+ 1/2-1/2

[Event "Bad Woerishofen"]
[Site "?"]
[Date "2002.??.??"]
[Round "9"]
[White "Olarasu, Gabriela"]
[Black "Wittfoth, Kai-Uwe"]
[Result "1-0"]
[WhiteElo "2293"]
[BlackElo "2166"]
[Annotator "ChessOrg"]
[PlyCount "85"]
[EventDate "2002.??.??"]

1. Nf3 d5 2. c4 e6 3. g3 Nf6 4. Bg2 Nbd7 5. d4 Be7 6. O-O O-O 7. Qc2 c6 8. Nbd2
b6 9. e4 dxe4 10. Nxe4 Nxe4 11. Qxe4 Bb7 12. Rd1 Rc8 13. Qc2 Ba8 14. c5 Nf6 15.
Ne5 Nd5 16. a3 Qc7 17. b4 bxc5 18. bxc5 Rb8 19. Be4 Nf6 20. Bf4 Qc8 21. Bd3 h6
22. Nc4 Rb7 23. Nd6 Bxd6 24. Bxd6 Rd7 25. Bxf8 Kxf8 26. Bf1 Nd5 27. Rab1 Bb7
28. Rb3 Qd8 29. Rdb1 Bc8 30. Bg2 Rc7 31. Qe4 Qf6 32. Qe5 Qxe5 33. dxe5 h5 34.
Bf1 Ke7 35. f4 f6 36. h4 f5 37. Kf2 Kd8 38. Bc4 Rd7 39. Rd1 Kc7 40. Bxd5 cxd5
41. Ke3 Ba6 42. Kd4 Bb7 43. c6 1-0

[Event "Bad Woerishofen"]
[Site "?"]
[Date "2002.??.??"]
[Round "9"]
[White "Kveinys, Aloyzas"]
[Black "Levin, Felix"]
[Result "0-1"]
[WhiteElo "2555"]
[BlackElo "2518"]
[Annotator "ChessOrg"]
[PlyCount "74"]
[EventDate "2002.??.??"]

1. e4 e5 2. Nf3 Nc6 3. Bb5 Nf6 4. O-O Nxe4 5. d4 Nd6 6. Bxc6 dxc6 7. dxe5 Nf5
8. Qxd8+ Kxd8 9. Nc3 h6 10. b3 Bd7 11. Bb2 Kc8 12. Rad1 b6 13. h3 Ne7 14. Ne2
Ng6 15. Ng3 Nf4 16. Nh4 a5 17. Bc1 Ne6 18. f4 a4 19. f5 Ng5 20. Rd3 axb3 21.
axb3 Be7 22. Nh5 Ne4 23. f6 Bc5+ 24. Be3 g5 25. Nf5 Bxf5 26. Rxf5 Ra1+ 27. Rf1
Rxf1+ 28. Kxf1 Re8 29. c4 Bxe3 30. Rxe3 Rxe5 31. Kg1 Re6 32. Ng7 Re5 33. Re2
Kd7 34. g4 Kd6 35. b4 c5 36. bxc5+ Kxc5 37. Nf5 Re6 0-1

[Event "Bad Woerishofen"]
[Site "?"]
[Date "2002.??.??"]
[Round "9"]
[White "Unger, Michael"]
[Black "Khurtsidze, Nino"]
[Result "0-1"]
[WhiteElo "2213"]
[BlackElo "2434"]
[Annotator "ChessOrg"]
[PlyCount "80"]
[EventDate "2002.??.??"]

1. Nc3 c5 2. d4 cxd4 3. Qxd4 Nc6 4. Qa4 d6 5. g3 g6 6. Bg2 Bg7 7. Nf3 Bd7 8.
O-O Nf6 9. a3 a6 10. Qc4 b5 11. Qd3 O-O 12. Nd5 Nxd5 13. Qxd5 Rc8 14. c3 Na5
15. e4 Bc6 16. Qd3 Nb3 17. Be3 Nxa1 18. Rxa1 Qc7 19. Nd4 Ba8 20. Rd1 Qc4 21. f3
Qxd3 22. Rxd3 d5 23. exd5 Bxd5 24. Nf5 gxf5 25. Rxd5 Rfd8 26. f4 e6 27. Rxd8+
Rxd8 28. Bf3 a5 29. Kf2 b4 30. cxb4 axb4 31. axb4 Rb8 32. Bc5 Bxb2 33. Bc6 Ba3
34. Bd4 Rxb4 35. Bf6 Rc4 36. Bb5 Bc5+ 37. Kf3 Rb4 38. Bd3 Bd4 39. Be7 Rb3 40.
Ke2 Rb2+ 0-1

[Event "Bad Woerishofen"]
[Site "?"]
[Date "2002.??.??"]
[Round "9"]
[White "Kugelmann, Werner"]
[Black "Werner, Clemens"]
[Result "0-1"]
[WhiteElo "2191"]
[BlackElo "2393"]
[Annotator "ChessOrg"]
[PlyCount "74"]
[EventDate "2002.??.??"]

1. e4 c5 2. Nc3 Nc6 3. f4 e6 4. Nf3 a6 5. a4 Nge7 6. d3 d5 7. Be2 b6 8. O-O Bb7
9. Qe1 g6 10. Qh4 Bg7 11. Bd1 Nd4 12. Ne5 Nec6 13. Qe1 O-O 14. Nxc6 Bxc6 15.
Nb1 Bb7 16. c3 Nc6 17. e5 d4 18. c4 f6 19. exf6 Qxf6 20. Bf3 Rae8 21. Nd2 Qe7
22. Ne4 e5 23. Ng5 Nb4 24. Bxb7 Qxb7 25. Qd1 Qc6 26. Rf3 Bh6 27. fxe5 Rxe5 28.
Rxf8+ Bxf8 29. Nf3 Re8 30. Bg5 Qe6 31. Kf1 Qf5 32. Ra3 Bd6 33. Kg1 Bf4 34. Bxf4
Qxf4 35. a5 bxa5 36. Qd2 Re3 37. Rxa5 Rxf3 0-1

[Event "Bad Woerishofen"]
[Site "?"]
[Date "2002.??.??"]
[Round "9"]
[White "Hahn, Guenter"]
[Black "Scherer, Helmut"]
[Result "1/2-1/2"]
[WhiteElo "2152"]
[BlackElo "2275"]
[Annotator "ChessOrg"]
[PlyCount "93"]
[EventDate "2002.??.??"]

1. Nf3 Nf6 2. d4 e6 3. g3 b6 4. Bg2 Bb7 5. O-O c5 6. e3 Qc7 7. b3 cxd4 8. exd4
a6 9. c4 Be7 10. Bf4 d6 11. Nbd2 Nbd7 12. Qe2 Nf8 13. c5 Ng6 14. Bxd6 Bxd6 15.
cxd6 Qxd6 16. Nc4 Qd8 17. Nfe5 Bxg2 18. Kxg2 b5 19. Nxg6 hxg6 20. Ne5 O-O 21.
Rfd1 Rc8 22. Qf3 Qd6 23. Rac1 Rc7 24. Rc6 Rxc6 25. Qxc6 Qxc6+ 26. Nxc6 Nd5 27.
Rc1 Rc8 28. Rc5 Kf8 29. a3 f6 30. Nb4 Rxc5 31. dxc5 Nc7 32. Kf3 Ke7 33. a4 bxa4
34. bxa4 e5 35. g4 g5 36. Kg3 Kd7 37. a5 Ke6 38. h4 gxh4+ 39. Kxh4 g6 40. f3
Kd7 41. Kg3 Ke6 42. Kf2 f5 43. Ke2 e4 44. fxe4 fxe4 45. Ke3 Nd5+ 46. Nxd5 Kxd5
47. g5 1/2-1/2

[Event "Bad Woerishofen"]
[Site "?"]
[Date "2002.??.??"]
[Round "9"]
[White "Kunin, Vitaly"]
[Black "Hermann, Manfred"]
[Result "1/2-1/2"]
[WhiteElo "2424"]
[BlackElo "2340"]
[Annotator "ChessOrg"]
[PlyCount "155"]
[EventDate "2002.??.??"]

1. c4 e6 2. d4 b6 3. d5 e5 4. g3 d6 5. Bg2 g6 6. Nf3 Bg7 7. O-O Ne7 8. Nc3 O-O
9. Bd2 Nd7 10. Qc1 a5 11. Bh6 Nc5 12. Bxg7 Kxg7 13. b3 Bg4 14. Qb2 Bxf3 15.
Bxf3 h5 16. a3 Nf5 17. b4 Na6 18. e3 Qe7 19. Ne4 Nh6 20. h4 f6 21. Qc3 Nf7 22.
Kg2 Nb8 23. c5 f5 24. Nd2 bxc5 25. bxc5 Nd7 26. cxd6 cxd6 27. Rac1 Nc5 28. Nc4
Nb7 29. Nb6 Rae8 30. Rb1 Qd8 31. Rfc1 Re7 32. Be2 Nc5 33. Qxa5 e4 34. Qc3+ Ne5
35. Nc4 Kh6 36. Rc2 Nxc4 37. Bxc4 Ra7 38. Rb5 Qe7 39. Qb2 Rfa8 40. Rb8 Qg7 41.
Rxa8 Qxb2 42. Rxb2 Rxa8 43. Rb6 Rxa3 44. Rxd6 Nd3 45. g4 hxg4 46. Rd8 Ne5 47.
d6 Nxc4 48. d7 Rd3 49. Rh8+ Kg7 50. d8=Q Rxd8 51. Rxd8 Ne5 52. Rd6 Kh6 53. Re6
Nd3 54. Kg3 Kh5 55. Re8 Kh6 56. Re7 Ne1 57. Rd7 Nd3 58. Rd8 Ne5 59. Ra8 Nd3 60.
Ra1 Ne5 61. Rh1 Kh5 62. Kg2 Nd3 63. Kf1 Ne5 64. Kg2 Nd3 65. Kg3 Ne5 66. Rb1 Nd3
67. Rb5 Ne1 68. Rb8 Kh6 69. Rd8 Nd3 70. Rh8+ Kg7 71. Rc8 Kh6 72. Rc4 Ne5 73.
Ra4 Nd3 74. Ra2 Ne5 75. Kg2 Nf3 76. Ra5 Nxh4+ 77. Kg3 Kg5 78. Ra1 1/2-1/2

[Event "Bad Woerishofen"]
[Site "?"]
[Date "2002.??.??"]
[Round "9"]
[White "Eingorn, Viacheslav"]
[Black "Georgiev, Kiril"]
[Result "1/2-1/2"]
[WhiteElo "2598"]
[BlackElo "2655"]
[Annotator "ChessOrg"]
[PlyCount "21"]
[EventDate "2002.??.??"]

1. Nf3 Nf6 2. c4 e6 3. Nc3 d5 4. d4 Be7 5. Bg5 h6 6. Bh4 O-O 7. e3 b6 8. Rc1
Bb7 9. cxd5 Nxd5 10. Bxe7 Qxe7 11. Be2 1/2-1/2

[Event "Bad Woerishofen"]
[Site "?"]
[Date "2002.??.??"]
[Round "9"]
[White "Kunz, Konstantin"]
[Black "Costea, Valerius"]
[Result "1-0"]
[WhiteElo "2201"]
[BlackElo "1880"]
[Annotator "ChessOrg"]
[PlyCount "51"]
[EventDate "2002.??.??"]

1. d4 Nf6 2. c4 c5 3. d5 b5 4. cxb5 a6 5. bxa6 Bxa6 6. Nc3 d6 7. Nf3 g6 8. e4
Bg7 9. Bxa6 Nxa6 10. O-O O-O 11. Re1 Nd7 12. Bf4 Qb6 13. Rb1 Rfb8 14. e5 dxe5
15. Nxe5 Nxe5 16. Bxe5 Bxe5 17. Rxe5 Rb7 18. Qe2 Qf6 19. Re1 Kf8 20. g3 Rab8
21. b3 c4 22. Qxc4 Rc7 23. Qd4 Rb4 24. Qd2 Nc5 25. d6 Qxd6 26. Rd5 1-0

[Event "Bad Woerishofen"]
[Site "?"]
[Date "2002.??.??"]
[Round "9"]
[White "Bintakies, Michael"]
[Black "Buchner, Rudolf"]
[Result "1/2-1/2"]
[WhiteElo "2188"]
[BlackElo "2296"]
[Annotator "ChessOrg"]
[PlyCount "42"]
[EventDate "2002.??.??"]

1. d4 Nf6 2. Nf3 g6 3. Bg5 Bg7 4. Nbd2 d5 5. e3 c5 6. c3 cxd4 7. cxd4 Nc6 8.
Be2 Qb6 9. Qb3 Qxb3 10. Nxb3 O-O 11. O-O Ne4 12. Bf4 Bf5 13. Rac1 Rac8 14. a3
Rfd8 15. Nc5 Nxc5 16. Rxc5 Bf8 17. Rc3 Nb8 18. Rfc1 Rxc3 19. Rxc3 Nc6 20. Ne5
Nxe5 21. Bxe5 Rc8 1/2-1/2

[Event "Bad Woerishofen"]
[Site "?"]
[Date "2002.??.??"]
[Round "9"]
[White "Loew, Gerald"]
[Black "Jaenig, Reinhard"]
[Result "1/2-1/2"]
[WhiteElo "2260"]
[BlackElo "2119"]
[Annotator "ChessOrg"]
[PlyCount "39"]
[EventDate "2002.??.??"]

1. c4 c5 2. g3 Nf6 3. Bg2 d5 4. cxd5 Nxd5 5. Nc3 Nc7 6. Nf3 Nc6 7. O-O e5 8.
Ne1 Bd7 9. Nd3 f6 10. b3 Be7 11. f4 exf4 12. Nxf4 Rc8 13. Bb2 b6 14. e3 O-O 15.
Ncd5 Bd6 16. Qh5 Be8 17. Qh3 Bd7 18. Qh5 Be8 19. Qh3 Bd7 20. Qh5 1/2-1/2

[Event "Bad Woerishofen"]
[Site "?"]
[Date "2002.??.??"]
[Round "9"]
[White "Braun, Peter"]
[Black "Seifert, Dierk"]
[Result "1/2-1/2"]
[WhiteElo "2266"]
[BlackElo "2133"]
[Annotator "ChessOrg"]
[PlyCount "34"]
[EventDate "2002.??.??"]

1. Nf3 e6 2. c4 f5 3. g3 Nf6 4. Bg2 Be7 5. O-O O-O 6. Nc3 d6 7. d4 a5 8. b3 Qe8
9. Bb2 Na6 10. Re1 Qg6 11. e4 f4 12. e5 Ng4 13. a3 fxg3 14. fxg3 Bd7 15. Qe2
dxe5 16. Nxe5 Nxe5 17. Qxe5 Qc2 1/2-1/2

[Event "Bad Woerishofen"]
[Site "?"]
[Date "2002.??.??"]
[Round "9"]
[White "Doleschal, Johannes"]
[Black "Szenetra, Werner"]
[Result "0-1"]
[WhiteElo "2040"]
[BlackElo "2202"]
[Annotator "ChessOrg"]
[PlyCount "66"]
[EventDate "2002.??.??"]

1. e4 d6 2. d4 g6 3. Nc3 Bg7 4. Be3 c6 5. Qd2 b5 6. a3 a6 7. f3 Nd7 8. h4 h5 9.
Be2 Nb6 10. b3 Qc7 11. Kf2 Nf6 12. Nh3 a5 13. Nf4 b4 14. axb4 axb4 15. Rxa8
bxc3 16. Rxc8+ Qxc8 17. Qxc3 c5 18. Bb5+ Kf8 19. Qd2 cxd4 20. Bxd4 e5 21. Bxb6
Qb8 22. Qa5 exf4 23. Bc7 Qc8 24. Bxd6+ Kg8 25. Qc7 Qa8 26. Bc4 Kh7 27. Bxf4 Rc8
28. Qd6 Rd8 29. Qe7 Rd7 30. Qb4 Nxe4+ 31. fxe4 Qxe4 32. Be3 Bd4 33. Qe1 Qf4+
0-1

[Event "Bad Woerishofen"]
[Site "?"]
[Date "2002.??.??"]
[Round "9"]
[White "Bjarnason, Oskar"]
[Black "Moehring, Norbert"]
[Result "1/2-1/2"]
[WhiteElo "2198"]
[BlackElo "1818"]
[Annotator "ChessOrg"]
[PlyCount "127"]
[EventDate "2002.??.??"]

1. Nc3 Nf6 2. d4 b6 3. e4 Bb7 4. e5 Nd5 5. Ne4 e6 6. c3 Be7 7. Qg4 g6 8. Bh6 f5
9. exf6 Nxf6 10. Nxf6+ Bxf6 11. Bd3 Qe7 12. h4 Nc6 13. Nf3 O-O-O 14. O-O Qf7
15. b4 Ne7 16. a4 Nf5 17. Bg5 Bxg5 18. Nxg5 Qf6 19. Be4 d5 20. Bd3 h6 21. Nf3
h5 22. Qg5 Rdf8 23. Bxf5 Qxf5 24. Qxf5 Rxf5 25. Rfe1 Re8 26. Re5 Kd8 27. Rae1
Rf6 28. Rg5 Ke7 29. Ne5 Rg8 30. Re3 Kd6 31. Reg3 Bc6 32. b5 Be8 33. f3 c6 34.
bxc6 Bxc6 35. Nxc6 Kxc6 36. Kf2 a5 37. Rxh5 b5 38. axb5+ Kxb5 39. Rh7 Ra8 40.
Rb7+ Kc4 41. Rh3 Rff8 42. Rh1 Rfb8 43. Rxb8 Rxb8 44. Ra1 Ra8 45. Ra3 Kd3 46.
Kg3 Kc2 47. Kf4 Kb2 48. Ra4 Kb3 49. Ra1 a4 50. Ke5 Kb2 51. Rh1 Ra6 52. g4 a3
53. h5 gxh5 54. gxh5 a2 55. h6 a1=Q 56. Rxa1 Rxa1 57. Kxe6 Kxc3 58. h7 Rh1 59.
Kxd5 Rxh7 60. f4 Rh5+ 61. Ke6 Kxd4 62. f5 Ke4 63. f6 Rh6 64. Ke7 1/2-1/2

[Event "Bad Woerishofen"]
[Site "?"]
[Date "2002.??.??"]
[Round "9"]
[White "Babar, Michael"]
[Black "Schaefer, Michael"]
[Result "1-0"]
[WhiteElo "2146"]
[BlackElo "2247"]
[Annotator "ChessOrg"]
[PlyCount "217"]
[EventDate "2002.??.??"]

1. e4 c5 2. Nf3 e6 3. d4 cxd4 4. Nxd4 a6 5. Nc3 Qc7 6. Be2 Nf6 7. O-O d6 8. a4
Be7 9. Be3 O-O 10. f4 Rd8 11. Bf3 Nc6 12. Nb3 b6 13. Rf2 Rb8 14. Rd2 Na5 15.
Nxa5 bxa5 16. Rb1 Rb4 17. Rd4 Bb7 18. Na2 e5 19. fxe5 Rxd4 20. Qxd4 dxe5 21.
Qb6 Qxc2 22. Nc3 Bxe4 23. Rc1 Nd7 24. Rxc2 Nxb6 25. Bxe4 Nc4 26. Bc1 Bc5+ 27.
Kf1 Ne3+ 28. Bxe3 Bxe3 29. Ke2 Bd4 30. Nd1 g6 31. Ne3 Rb8 32. Bd5 Rxb2 33. Rxb2
Bxb2 34. Nc4 Bd4 35. Kd3 Kf8 36. Nxa5 Bg1 37. h3 f5 38. Bb7 e4+ 39. Ke2 Ke7 40.
Bxa6 Kd6 41. Bb5 Kc5 42. Nc6 Bh2 43. Ke3 Bd6 44. Na5 Bc7 45. Nb3+ Kb4 46. Nc1
Kc5 47. Ne2 Kd5 48. Be8 Ke5 49. Nc1 g5 50. Nb3 Bb6+ 51. Ke2 Kf4 52. a5 Ba7 53.
Bh5 Kg3 54. Kf1 Kh4 55. Bf7 g4 56. hxg4 Kxg4 57. Nd2 h5 58. Nc4 f4 59. Ne5+ Kg5
60. Nc6 Bc5 61. a6 h4 62. Be6 f3 63. gxf3 exf3 64. a7 Bxa7 65. Nxa7 Kf4 66. Kf2
Ke4 67. Nc6 Kf4 68. Bc8 Ke4 69. Bg4 Kf4 70. Bxf3 h3 71. Nd4 Ke5 72. Ne2 Kf5 73.
Kg3 h2 74. Kxh2 Ke5 75. Kg3 Kf5 76. Kf2 Kg5 77. Ke3 Kf5 78. Be4+ Ke6 79. Ng3
Kf6 80. Kf4 Ke6 81. Nf5 Kf6 82. Bd5 Kg6 83. Be4 Kf6 84. Ne3 Kg7 85. Ng4 Kf7 86.
Ke5 Kg8 87. Ke6 Kg7 88. Bd3 Kf8 89. Kf6 Kg8 90. Bf5 Kf8 91. Ne5 Kg8 92. Nd7 Kh8
93. Be4 Kg8 94. Ne5 Kf8 95. Ke6 Ke8 96. Nd7 Kd8 97. Kd6 Ke8 98. Bg6+ Kd8 99.
Bf7 Kc8 100. Nc5 Kd8 101. Nb7+ Kc8 102. Kc6 Kb8 103. Kb6 Kc8 104. Be6+ Kb8 105.
Nc5 Ka8 106. Bc8 Kb8 107. Ba6 Ka8 108. Bb7+ Kb8 109. Nd7# 1-0

[Event "Bad Woerishofen"]
[Site "?"]
[Date "2002.??.??"]
[Round "9"]
[White "Gawehns, Klaus"]
[Black "Bartels, Holger"]
[Result "1-0"]
[WhiteElo "2385"]
[BlackElo "2133"]
[Annotator "ChessOrg"]
[PlyCount "111"]
[EventDate "2002.??.??"]

1. b3 c5 2. Bb2 Nc6 3. c4 Nf6 4. g3 g6 5. Bxf6 exf6 6. Nc3 Bg7 7. Bg2 O-O 8. e3
d6 9. Nge2 Bg4 10. O-O Bxe2 11. Qxe2 f5 12. Rac1 Rc8 13. Bxc6 bxc6 14. Rfd1 Re8
15. Qf3 Qe7 16. Kg2 Red8 17. Rc2 Rc7 18. Ne2 Qe4 19. d3 Qxf3+ 20. Kxf3 Kf8 21.
d4 Ke7 22. d5 Be5 23. Nc1 Kd7 24. Nd3 Re8 25. dxc6+ Kxc6 26. b4 cxb4 27. Nxb4+
Kb7 28. Nd5 Rc5 29. Rb1+ Ka8 30. Ke2 Rb8 31. Rb3 Rxb3 32. axb3 a5 33. Ra2 Kb7
34. Kd3 Kc6 35. Ra4 Kd7 36. f4 Bg7 37. h3 h5 38. e4 fxe4+ 39. Kxe4 Ke6 40. g4
hxg4 41. hxg4 f5+ 42. gxf5+ gxf5+ 43. Kd3 Kf7 44. Ra2 Bf6 45. Rh2 Rc8 46. Rh6
Bh8 47. Rxd6 Rb8 48. Rb6 Rxb6 49. Nxb6 Ke6 50. c5 Bf6 51. Kc4 Bb2 52. Nd5 Bc1
53. c6 Kd6 54. c7 Kd7 55. Kb5 Bd2 56. Kb6 1-0

[Event "Bad Woerishofen"]
[Site "?"]
[Date "2002.??.??"]
[Round "9"]
[White "Winter, Bernd"]
[Black "Schuster, Gerhard"]
[Result "0-1"]
[WhiteElo "1884"]
[BlackElo "2140"]
[Annotator "ChessOrg"]
[PlyCount "50"]
[EventDate "2002.??.??"]

1. e4 c6 2. d4 d5 3. Nc3 dxe4 4. Nxe4 Nd7 5. Bc4 Ngf6 6. Nxf6+ Nxf6 7. Nf3 Bf5
8. O-O e6 9. h3 Bd6 10. Bg5 h6 11. Bh4 Qc7 12. Bxf6 gxf6 13. Nh4 Bh7 14. d5
cxd5 15. Bb5+ Ke7 16. Re1 Qc5 17. Bd3 Bg3 18. Bxh7 Qxf2+ 19. Kh1 Qxe1+ 20. Qxe1
Bxe1 21. Rxe1 Rxh7 22. Nf5+ Kd7 23. Ng3 h5 24. h4 Rc8 25. Re2 Rc4 0-1

[Event "Bad Woerishofen"]
[Site "?"]
[Date "2002.??.??"]
[Round "9"]
[White "Fischer, Michael"]
[Black "Keller, Manfred"]
[Result "1-0"]
[WhiteElo "2079"]
[BlackElo "2223"]
[Annotator "ChessOrg"]
[PlyCount "79"]
[EventDate "2002.??.??"]

1. d4 Nf6 2. Nf3 g6 3. g3 Bg7 4. Bg2 O-O 5. c4 d5 6. O-O dxc4 7. Na3 c3 8. bxc3
c5 9. Qb3 Nc6 10. Rd1 cxd4 11. cxd4 Na5 12. Qb2 Be6 13. Bd2 Bd5 14. Rac1 Ne4
15. Bf4 Nd6 16. Rc5 Ndc4 17. Nxc4 Nxc4 18. Qb4 Nb6 19. Bc7 Qd7 20. Ne5 Qe6 21.
e4 Bxa2 22. d5 Qf6 23. Rd2 Rac8 24. Rxa2 Rxc7 25. Rxc7 Qxe5 26. Qxe7 Qd4 27.
Rxb7 Qd1+ 28. Bf1 Nc4 29. Qb4 Ne5 30. Qb1 Qh5 31. Be2 Qh3 32. Rbxa7 g5 33. Ra8
Ng6 34. Rxf8+ Bxf8 35. Ra8 Kg7 36. Qd1 Bc5 37. Bf1 Qd7 38. Qa1+ Kh6 39. Qf6 Qb7
40. Rg8 1-0

[Event "Bad Woerishofen"]
[Site "?"]
[Date "2002.??.??"]
[Round "9"]
[White "Steiger, Wallfried"]
[Black "Kroencke, Manfred"]
[Result "1/2-1/2"]
[WhiteElo "1930"]
[BlackElo "2197"]
[Annotator "ChessOrg"]
[PlyCount "82"]
[EventDate "2002.??.??"]

1. d4 d5 2. c4 e6 3. Nc3 Nf6 4. cxd5 exd5 5. Bg5 c6 6. Qc2 Be7 7. e3 Nbd7 8.
Bd3 O-O 9. Nge2 Re8 10. O-O-O Nf8 11. Kb1 Ne4 12. Bxe7 Nxc3+ 13. Nxc3 Qxe7 14.
Qd2 Be6 15. f4 f6 16. f5 Bf7 17. Rhe1 c5 18. Bc2 Red8 19. g4 a6 20. dxc5 Qxc5
21. Bb3 Nd7 22. Nxd5 Ne5 23. Qe2 Rxd5 24. Bxd5 Bxd5 25. e4 Bc4 26. Qg2 h6 27.
h4 Rc8 28. Qg3 Bd3+ 29. Ka1 Qc2 30. g5 Nc4 31. Rb1 fxg5 32. hxg5 h5 33. Rec1 h4
34. Qxh4 Ne3 35. a3 Qxc1 36. Rxc1 Rxc1+ 37. Ka2 Bc4+ 38. b3 Rc2+ 39. Ka1 Rc1+
40. Kb2 Rc2+ 41. Ka1 Rc1+ 1/2-1/2

[Event "Bad Woerishofen"]
[Site "?"]
[Date "2002.??.??"]
[Round "9"]
[White "Grimm, Sven"]
[Black "Teich, Udo"]
[Result "1/2-1/2"]
[WhiteElo "2174"]
[BlackElo "2096"]
[Annotator "ChessOrg"]
[PlyCount "21"]
[EventDate "2002.??.??"]

1. e4 d5 2. exd5 Qxd5 3. Nc3 Qa5 4. g3 c6 5. Bg2 Nf6 6. Nge2 Bf5 7. O-O e6 8.
d3 Be7 9. Bd2 Qd8 10. Ne4 O-O 11. Rb1 1/2-1/2

[Event "Bad Woerishofen"]
[Site "?"]
[Date "2002.??.??"]
[Round "9"]
[White "Willin, Bernhard"]
[Black "Maugg, Ludwig"]
[Result "1/2-1/2"]
[WhiteElo "2050"]
[BlackElo "2138"]
[Annotator "ChessOrg"]
[PlyCount "22"]
[EventDate "2002.??.??"]

1. d4 Nf6 2. Nf3 g6 3. g3 Bg7 4. Bg2 d6 5. O-O Nbd7 6. Nbd2 e5 7. e4 O-O 8. c3
Re8 9. Qc2 a5 10. b3 b6 11. Bb2 Bb7 1/2-1/2

[Event "Bad Woerishofen"]
[Site "?"]
[Date "2002.??.??"]
[Round "9"]
[White "Maahs, Erich"]
[Black "Friedrich, Wolfgang"]
[Result "1-0"]
[WhiteElo "2200"]
[BlackElo "2086"]
[Annotator "ChessOrg"]
[PlyCount "69"]
[EventDate "2002.??.??"]

1. e4 d5 2. exd5 Qxd5 3. Nc3 Qa5 4. d4 c6 5. Nf3 Bf5 6. Ne5 Nf6 7. g4 Bg6 8. h4
h5 9. Nxg6 fxg6 10. g5 Nd5 11. Bd3 Nxc3 12. bxc3 e5 13. Bd2 Qd5 14. Rh3 Nd7 15.
Bxg6+ Kd8 16. Qf3 Bd6 17. Qxd5 cxd5 18. Rf3 Kc7 19. Rf7 exd4 20. cxd4 Rae8+ 21.
Kf1 Ref8 22. Kg2 Kc6 23. Rb1 Rxf7 24. Bxf7 Rf8 25. Bxh5 Rh8 26. Bg4 Rxh4 27.
Bxd7+ Kxd7 28. Rxb7+ Kc6 29. Rxg7 Rxd4 30. Be3 Rc4 31. Bxa7 Rxc2 32. Rf7 Rxa2
33. g6 Ra4 34. f4 Bxf4 35. g7 1-0

[Event "Bad Woerishofen"]
[Site "?"]
[Date "2002.??.??"]
[Round "9"]
[White "Weidig, Hans"]
[Black "Lindenmair, Anton"]
[Result "1/2-1/2"]
[WhiteElo "1958"]
[BlackElo "2127"]
[Annotator "ChessOrg"]
[PlyCount "41"]
[EventDate "2002.??.??"]

1. e4 e5 2. Nf3 Nf6 3. Nxe5 d6 4. Nf3 Nxe4 5. d4 d5 6. Bd3 Nc6 7. O-O Bg4 8. c3
Be7 9. Re1 f5 10. Nbd2 O-O 11. Qb3 Nxd2 12. Nxd2 Rf6 13. Be2 Re6 14. Qd1 Qd7
15. Nf1 Bxe2 16. Rxe2 Re8 17. Rxe6 Qxe6 18. Bf4 Bd8 19. Qf3 Ne7 20. Bd2 Qe4 21.
Qxe4 1/2-1/2

[Event "Bad Woerishofen"]
[Site "?"]
[Date "2002.??.??"]
[Round "9"]
[White "Quinn, John"]
[Black "Woerl, Richard"]
[Result "1/2-1/2"]
[WhiteElo "2174"]
[BlackElo "2078"]
[Annotator "ChessOrg"]
[PlyCount "37"]
[EventDate "2002.??.??"]

1. d4 d5 2. c4 e6 3. Nc3 Nf6 4. Bg5 Be7 5. e3 c6 6. Nf3 Ne4 7. Bxe7 Qxe7 8.
cxd5 Nxc3 9. bxc3 exd5 10. Qc2 Bg4 11. Ne5 Bh5 12. Bd3 Bg6 13. Rb1 Qc7 14. O-O
Nd7 15. Nxd7 Qxd7 16. e4 dxe4 17. Bxe4 O-O 18. Rfe1 Rfe8 19. Bxg6 1/2-1/2

[Event "Bad Woerishofen"]
[Site "?"]
[Date "2002.??.??"]
[Round "9"]
[White "Fries, Elisabeth"]
[Black "Wiesbeck, Florian"]
[Result "0-1"]
[WhiteElo "1448"]
[BlackElo "1874"]
[Annotator "ChessOrg"]
[PlyCount "80"]
[EventDate "2002.??.??"]

1. d4 d5 2. Nf3 Nf6 3. Bf4 c5 4. e3 Qb6 5. b3 Nc6 6. Nbd2 cxd4 7. exd4 Nxd4 8.
Nxd4 Qxd4 9. Be3 Qc3 10. Bb5+ Bd7 11. Bxd7+ Nxd7 12. O-O e6 13. Nf3 Bc5 14.
Bxc5 Qxc5 15. Re1 O-O 16. Qd3 Nf6 17. Ng5 h6 18. Nh3 Rac8 19. Rac1 Qc3 20. Nf4
Ne4 21. Ne2 Qf6 22. Qe3 b6 23. c4 Nc5 24. cxd5 exd5 25. Nd4 Qg6 26. f3 Rfd8 27.
Rcd1 Nd7 28. Rd2 Nf6 29. Red1 Re8 30. Qd3 Qg5 31. Nb5 Re3 32. Qf1 Rce8 33. Qf2
R8e7 34. Nd4 Re8 35. Nb5 R8e7 36. Nd4 Rc7 37. Nc2 Rec3 38. Qe2 Qf4 39. Nd4 Re3
40. Nc2 Rxe2 0-1

[Event "Bad Woerishofen"]
[Site "?"]
[Date "2002.??.??"]
[Round "9"]
[White "Schmitzer, Peter"]
[Black "Hofmann, Juergen"]
[Result "0-1"]
[WhiteElo "2095"]
[BlackElo "2189"]
[Annotator "ChessOrg"]
[PlyCount "88"]
[EventDate "2002.??.??"]

1. d4 d5 2. c4 c6 3. Nf3 Nf6 4. Nc3 e6 5. e3 Nbd7 6. Be2 Be7 7. O-O O-O 8. Qc2
Re8 9. Rd1 Qc7 10. b3 Bd6 11. c5 Bf8 12. Bb2 e5 13. dxe5 Nxe5 14. Nxe5 Rxe5 15.
Rac1 Rg5 16. g3 Bf5 17. Bd3 Bg4 18. Ne2 Ne4 19. b4 Re8 20. Re1 Rh5 21. Nf4 Rh6
22. Be2 Bf5 23. Bd3 g5 24. Bxe4 Bxe4 25. Qc3 f6 26. f3 Bxf3 27. Nd3 Bg7 28. Nf2
Qf7 29. h3 Qc7 30. Kh2 Qd7 31. a4 Re7 32. Qd2 Qe8 33. Bd4 Qd7 34. Qd3 Re4 35.
Qf1 Qc7 36. Nxe4 dxe4 37. Rc2 g4 38. Rg2 Rxh3+ 39. Kg1 Bxg2 40. Qc4+ Kf8 41.
Qe6 Bf3 42. Qd6+ Qxd6 43. cxd6 Ke8 44. Bxa7 Kd7 0-1

[Event "Bad Woerishofen"]
[Site "?"]
[Date "2002.??.??"]
[Round "9"]
[White "Engl, Heinz"]
[Black "Himmel, Hansjoerg"]
[Result "0-1"]
[WhiteElo "2127"]
[BlackElo "2238"]
[Annotator "ChessOrg"]
[PlyCount "64"]
[EventDate "2002.??.??"]

1. e4 c5 2. Nf3 Nc6 3. d4 cxd4 4. Nxd4 e6 5. Nc3 a6 6. g3 Qc7 7. Bg2 Nf6 8. O-O
h6 9. Nxc6 dxc6 10. Re1 e5 11. h3 Bc5 12. Be3 Bxe3 13. Rxe3 O-O 14. Na4 Be6 15.
Nc5 Rad8 16. Qe1 Bc8 17. Rd3 b6 18. Rxd8 Rxd8 19. Nd3 c5 20. Qc3 Rd4 21. Re1
Bb7 22. f3 Qd6 23. Kh2 Nd7 24. Re2 Bc6 25. Re3 b5 26. a3 b4 27. axb4 cxb4 28.
Qb3 a5 29. Qa2 a4 30. Nc1 Bb5 31. Ne2 Rd2 32. Bf1 Qc5 0-1